Normal view
MARC view
- صاحب، أسماء محمد
Entry Personal Name
001 - CONTROL NUMBER
- control field: 60684
003 - CONTROL NUMBER IDENTIFIER
- control field: JO-AjAnu
005 - DATE AND TIME OF LATEST TRANSACTION
- control field: 20230606083922.0
008 - FIXED-LENGTH DATA ELEMENTS
- fixed length control field: 230606|| aca||aabn | a|a d
040 ## - CATALOGING SOURCE
- Original cataloging agency: JO-AjAnu
- Transcribing agency: JO-AjAnu
100 ## - HEADING--PERSONAL NAME
- Personal name: صاحب، أسماء محمد
670 ## - SOURCE DATA FOUND
- Source citation: Work cat.: (JO-AjAnu)30946: صاحب، أسماء محمد, author, النثر الفني الأندلسي في البلاط الحفصي